Obklopený energetickými upírmi

Enregistré dans:
Détails bibliographiques
Auteur principal: Erikson, Thomas
Format: Livre
Langue:slovaque
Publié: Bratislava Vydavateľstvo Motýľ 2023
Édition:1. vydanie
Sujets:
Tags: Ajouter un tag
Pas de tags, Soyez le premier à ajouter un tag!

MARC

LEADER 00000nam a2200000 4500
001 0308921
005 20250709134040.7
020 |a 978-80-8164-349-1 
041 0 |a slo 
044 |a SK 
245 1 0 |a Obklopený energetickými upírmi  |c Thomas Erikson 
250 |a 1. vydanie 
264 1 |a Bratislava  |b Vydavateľstvo Motýľ  |c 2023 
300 |a 295 s. 
610 2 0 |a psychológia 
610 2 0 |a osobnosť 
610 2 0 |a správanie sociálne 
100 1 |a Erikson, Thomas